000
00312nam a22001337a 4500
008
181017b xxu||||| |||| 00| 0 eng d
020
_a
9780534644222
041
_a
eng
080
_2
10 ED
_a
531
100
_a
43
101
_a
FIZ
245
_a
Introduction Physical Antropology
_c
Jurmain.R
942
_2
udc
_c
BK
999
_c
50074
_d
50074